| 000 -LEADER |
| fixed length control field |
01013cam a2200289 a 4500 |
| 001 - CONTROL NUMBER |
| control field |
8885 |
| 003 - CONTROL NUMBER IDENTIFIER |
| control field |
BD-DhUAP |
| 005 - DATE AND TIME OF LATEST TRANSACTION |
| control field |
20200216105937.0 |
| 008 - FIXED-LENGTH DATA ELEMENTS--GENERAL INFORMATION |
| fixed length control field |
200216s2004 ii b 001 0 eng |
| 040 ## - CATALOGING SOURCE |
| Original cataloging agency |
BD-DhUAP |
| Transcribing agency |
BD-DhUAP |
| Modifying agency |
BD-DhUAP |
| Language of cataloging |
Eng |
| 082 00 - DEWEY DECIMAL CLASSIFICATION NUMBER |
| Classification number |
347.5406 SAR |
| Edition number |
23 |
| 100 1# - MAIN ENTRY--PERSONAL NAME |
| Personal name |
Sarkar, M. C. |
| 245 10 - TITLE STATEMENT |
| Title |
Sarkar's law of evidence in India, Pakistan, Bangladesh, Burma & Ceylon / |
| Statement of responsibility, etc. |
M.C. Sarkar, S.C. Sarkar and Prabhas C. Sarkar. |
| 250 ## - EDITION STATEMENT |
| Edition statement |
15th ed. |
| 260 ## - PUBLICATION, DISTRIBUTION, ETC. |
| Place of publication, distribution, etc. |
Agra, India : |
| Name of publisher, distributor, etc. |
Wadhwa and Co., |
| Date of publication, distribution, etc. |
c1913 [Reprinted 2004]. |
| 300 ## - PHYSICAL DESCRIPTION |
| Extent |
volumes ; |
| Dimensions |
25 cm. |
| 504 ## - BIBLIOGRAPHY, ETC. NOTE |
| Bibliography, etc. note |
Includes bibliographical references and indexes. |
| 505 0# - FORMATTED CONTENTS NOTE |
| Formatted contents note |
V. 2. The Indian Evidence Act, 1872, Section 101 to end. |
| 650 #0 - SUBJECT ADDED ENTRY--TOPICAL TERM |
| Topical term or geographic name entry element |
Evidence (Law) |
| Geographic subdivision |
South Asia. |
| 650 #0 - SUBJECT ADDED ENTRY--TOPICAL TERM |
| Topical term or geographic name entry element |
Evidence (Law) |
| Geographic subdivision |
Burma. |
| 700 1# - ADDED ENTRY--PERSONAL NAME |
| Personal name |
Sarkar, S. C. |
| 700 1# - ADDED ENTRY--PERSONAL NAME |
| Personal name |
Sarkar, Prabhas Chandra. |
| 740 0# - ADDED ENTRY--UNCONTROLLED RELATED/ANALYTICAL TITLE |
| Uncontrolled related/analytical title |
Law of evidence. |
| 740 0# - ADDED ENTRY--UNCONTROLLED RELATED/ANALYTICAL TITLE |
| Uncontrolled related/analytical title |
Sarkar's law of evidence. |
| 942 ## - ADDED ENTRY ELEMENTS (KOHA) |
| Source of classification or shelving scheme |
|
| Koha item type |
Book |